[Event "ICS rated blitz match"]
[Site "204.178.125.65"]
[Date "1999.08.08"]
[Round "?"]
[White "Hossa"]
[Black "StanleyCup"]
[Result "0-1"]
[WhiteElo "2478"]
[BlackElo "2375"]
[PlyCount "144"]
[EventDate "1999.??.??"]

1. d4 d5 2. c4 e6 3. Nc3 c6 4. e4 dxe4 5. Nxe4 Bb4+ 6. Bd2 Qxd4 7. Bxb4 Qxe4+
8. Be2 c5 9. Bxc5 Qxg2 10. Qd6 Nd7 11. Bf3 Qg5 12. Be3 Qe7 13. O-O-O Qxd6 14.
Rxd6 Ne7 15. Be4 Ne5 16. b3 O-O 17. f4 N5g6 18. Ne2 e5 19. fxe5 Nxe5 20. Rf1
Bh3 21. Rf4 Rae8 22. Ng1 Bc8 23. Bxa7 N7g6 24. Bxg6 Nxg6 25. Rf1 Ne5 26. a4 f6
27. Bb6 Be6 28. Re1 Bf5 29. Kd2 Rc8 30. Kc3 Bg4 31. h3 Bf5 32. Rf1 Nf7 33. Rd4
Be6 34. Re1 Rfe8 35. h4 Rc6 36. c5 Rec8 37. a5 Re8 38. b4 Ne5 39. b5 Rcc8 40.
a6 bxa6 41. bxa6 Ra8 42. a7 Nc6 43. Rd6 Bd7 44. Re2 Rxe2 45. Nxe2 Be8 46. Nd4
Nxa7 47. Bxa7 Rxa7 48. c6 Kf7 49. Ne6 Ke7 50. c7 Bd7 51. Rb6 g6 52. Kb3 Ra1 53.
Kb2 Ra5 54. Kb3 Bc8 55. Nd4 Rh5 56. Rb4 Rc5 57. Rc4 Rxc4 58. Kxc4 Kd7 59. Kc5
Kxc7 60. Kd5 g5 61. Nb5+ Kd7 62. Nd6 gxh4 63. Kc5 h3 64. Ne4 h2 65. Nxf6+ Ke6
66. Ne8 h1=Q 67. Nc7+ Ke5 68. Ne8 Qc1+ 69. Kb4 Qb2+ 70. Kc5 Ba6 71. Kc6 Qb7+
72. Kc5 72... Qb5# {Hossa checkmated} 0-1

[Event "ICS rated blitz match"]
[Site "204.178.125.65"]
[Date "1999.08.08"]
[Round "?"]
[White "Hossa"]
[Black "j724"]
[Result "1-0"]
[WhiteElo "2457"]
[BlackElo "2151"]
[PlyCount "101"]
[EventDate "1999.??.??"]

1. d4 Nf6 2. c4 c5 3. d5 d6 4. Nc3 g6 5. e4 Bg7 6. Bd3 O-O 7. Nge2 e6 8. Bg5 h6
9. Bh4 exd5 10. cxd5 a6 11. O-O Nbd7 12. b3 b5 13. a3 Re8 14. f3 Ne5 15. Bf2
Nxd3 16. Qxd3 Nd7 17. Rac1 Ne5 18. Qe3 f5 19. Bg3 g5 20. Qd2 f4 21. Be1 Qe7 22.
a4 Rb8 23. Qd1 Qf7 24. Bf2 b4 25. Nb1 a5 26. Nd2 Ba6 27. Nc4 Bxc4 28. bxc4 Qd7
29. Qb3 Rf8 30. Rcd1 Bf6 31. Nc1 Qf7 32. Nd3 Nxd3 33. Qxd3 Be5 34. Kh1 Rb7 35.
Rb1 h5 36. Be1 Qf6 37. Bd2 Rh7 38. Rb3 g4 39. Qe2 Qg6 40. Bc1 Rg7 41. fxg4 hxg4
42. Rf2 Rh7 43. Qc2 g3 44. Rff3 Rxh2+ 45. Kg1 Qh5 46. Kf1 Qxf3+ 47. Rxf3 Rf6
48. Ke1 Rh1+ 49. Ke2 Rg1 50. Kd3 Kg7 51. Bb2 {j724 resigns} 1-0

[Event "ICS rated blitz match"]
[Site "204.178.125.65"]
[Date "1999.08.08"]
[Round "?"]
[White "sicillianknight"]
[Black "Hossa"]
[Result "1-0"]
[WhiteElo "2826"]
[BlackElo "2462"]
[PlyCount "66"]
[EventDate "1999.??.??"]

1. d4 Nf6 2. c4 g6 3. Nc3 Bg7 4. e4 d6 5. Nf3 O-O 6. Be2 c5 7. O-O cxd4 8. Nxd4
Nc6 9. Be3 Nxd4 10. Bxd4 e5 11. Be3 Be6 12. Qd2 Rc8 13. b3 b5 14. cxb5 Qd7 15.
Rac1 d5 16. exd5 Nxd5 17. Nxd5 Rxc1 18. Rxc1 Qxd5 19. Qxd5 Bxd5 20. Rc7 f5 21.
Bxa7 Rf7 22. b6 Rxc7 23. bxc7 Bb7 24. Bc4+ Kh8 25. Be6 Bf8 26. a4 Bb4 27. c8=Q+
Bxc8 28. Bxc8 Kg7 29. Bb6 e4 30. a5 e3 31. fxe3 Bd6 32. a6 Bb8 33. b4 33... Kf7
{Hossa resigns} 1-0

[Event "ICS rated blitz match"]
[Site "204.178.125.65"]
[Date "1999.08.08"]
[Round "?"]
[White "Hossa"]
[Black "StanleyCup"]
[Result "0-1"]
[WhiteElo "2458"]
[BlackElo "2396"]
[PlyCount "78"]
[EventDate "1999.??.??"]

1. d4 d5 2. c4 c6 3. Nc3 Nf6 4. cxd5 cxd5 5. Bf4 Nc6 6. e3 a6 7. Bd3 Bg4 8.
Nge2 e6 9. f3 Bh5 10. O-O Nb4 11. Qa4+ Nd7 12. Bb1 Be7 13. a3 Nc6 14. Qb3 Na5
15. Qc2 Bg6 16. e4 O-O 17. Qa4 b5 18. Qc2 Rc8 19. Rc1 dxe4 20. fxe4 Nf6 21. Qd1
Nh5 22. Ba2 Nxf4 23. Nxf4 Bg5 24. Nxe6 fxe6 25. Bxe6+ Kh8 26. Bxc8 Qxc8 27. a4
b4 28. Na2 Be3+ 29. Kh1 Qe6 30. Nxb4 Bxe4 31. Rc2 Nb3 32. Re2 Nxa1 33. Rxe3 Qg4
34. Rf3 Rxf3 35. Kg1 Qg5 36. b3 Rf6 37. Qf3 Bxf3 38. g3 Qe3+ 39. Kf1 39... Bh1#
{Hossa checkmated} 0-1

[Event "ICS rated blitz match"]
[Site "204.178.125.65"]
[Date "1999.08.08"]
[Round "?"]
[White "StanleyCup"]
[Black "Hossa"]
[Result "1-0"]
[WhiteElo "2415"]
[BlackElo "2439"]
[PlyCount "85"]
[EventDate "1999.??.??"]

1. e4 c6 2. d4 d5 3. exd5 cxd5 4. c4 Nc6 5. Nc3 dxc4 6. Nf3 Bg4 7. Bxc4 Nf6 8.
O-O Bxf3 9. Qxf3 Qxd4 10. Nb5 Qd7 11. Rd1 Qc8 12. Qg3 e5 13. Nd6+ Bxd6 14. Qxg7
Rf8 15. Rxd6 Ne4 16. Rh6 Qd7 17. Be3 O-O-O 18. Qxh7 Nd6 19. Be2 Nd4 20. Bxd4
exd4 21. Qd3 Qa4 22. a3 Kb8 23. Rh4 Qc6 24. Rxd4 Rg8 25. Bf1 Ka8 26. Qd2 Qb6
27. Rd1 Rg6 28. Bc4 Rd7 29. b4 Qc6 30. Bd5 Qb6 31. Rd3 f5 32. Qb2 Qd8 33. Qc2
Qh4 34. Rc3 Rd8 35. Rc1 Qf4 36. Rf3 Qh4 37. Qc7 Rb8 38. Rxf5 Qh6 39. Rf7 Rg5
40. Rd7 Rxd5 41. Qxb8+ Kxb8 42. Rd8+ Nc8 43. Rdxc8# {Hossa checkmated} 1-0

[Event "ICS rated blitz match"]
[Site "204.178.125.65"]
[Date "1999.08.08"]
[Round "?"]
[White "sicillianknight"]
[Black "Hossa"]
[Result "1-0"]
[WhiteElo "2809"]
[BlackElo "2425"]
[PlyCount "82"]
[EventDate "1999.??.??"]

1. d4 Nf6 2. c4 d6 3. Nc3 Bf5 4. f3 e5 5. e4 exd4 6. Qxd4 Be6 7. f4 Be7 8. Nd5
Nc6 9. Qd3 O-O 10. Nf3 Nd7 11. Be3 f5 12. O-O-O a5 13. Re1 Nb4 14. Nxb4 axb4
15. Nd4 Bf7 16. exf5 Rxa2 17. Ne6 Bxe6 18. fxe6 Nf6 19. Be2 Qc8 20. f5 Qa8 21.
Bf3 Ne8 22. g4 Bf6 23. Bd4 Bxd4 24. Qxd4 c5 25. Qd3 Kh8 26. e7 Rg8 27. Bd5 Qa4
28. Bxg8 Kxg8 29. Qd5+ Kh8 30. Qf7 h6 31. f6 gxf6 32. g5 hxg5 33. Re3 Ra1+ 34.
Kd2 Ra3 35. bxa3 Qd7 36. Re4 Qf5 37. Qxe8+ Kg7 38. Qh8+ Kxh8 39. e8=Q+ Kh7 40.
Re7+ Kh6 41. Qh8+ 41... Kg6 {Hossa resigns} 1-0

[Event "ICS rated blitz match"]
[Site "204.178.125.65"]
[Date "1999.08.08"]
[Round "?"]
[White "Hossa"]
[Black "StanleyCup"]
[Result "0-1"]
[WhiteElo "2422"]
[BlackElo "2432"]
[PlyCount "55"]
[EventDate "1999.??.??"]

1. d4 d5 2. c4 dxc4 3. Nf3 Nf6 4. Nc3 c6 5. e4 b5 6. Ne5 e6 7. Bg5 Be7 8. f3
O-O 9. a4 Nxe4 10. fxe4 Bxg5 11. axb5 cxb5 12. Nxb5 Bb7 13. Nc3 Be3 14. Nf3 Nc6
15. Ne2 Qb6 16. Ra3 Bxd4 17. Nexd4 Rfd8 18. Bxc4 Nxd4 19. Qb1 Rac8 20. Rc3
Nxf3+ 21. gxf3 Rxc4 22. Qc1 Rxc3 23. Qxc3 Ba6 24. b4 Qb5 25. Qb2 Qg5 26. Kf2
Rd2+ 27. Qxd2 Qxd2+ 28. Kg3 {Hossa resigns} 0-1

[Event "ICS rated blitz match"]
[Site "204.178.125.65"]
[Date "1999.08.08"]
[Round "?"]
[White "Hossa"]
[Black "sicillianknight"]
[Result "0-1"]
[WhiteElo "2406"]
[BlackElo "2812"]
[PlyCount "122"]
[EventDate "1999.??.??"]

1. d4 Nf6 2. c4 e6 3. Nc3 Bb4 4. Bg5 h6 5. Bh4 c5 6. d5 Bxc3+ 7. bxc3 d6 8.
Qa4+ Qd7 9. Qb3 Qe7 10. Bxf6 Qxf6 11. e4 O-O 12. Bd3 Qg6 13. g3 exd5 14. cxd5
Nd7 15. O-O-O Ne5 16. Bc2 Qf6 17. f4 Ng4 18. Rd2 Ne3 19. Nf3 c4 20. Qb4 a5 21.
Qb2 Bg4 22. Nd4 Nxc2 23. Rxc2 Qe7 24. Re1 Rfc8 25. Rg2 Rc5 26. Rgg1 Re8 27. Qb6
Qd7 28. a3 Ra8 29. Rh1 Ra6 30. Qb2 b6 31. Nc6 Qe8 32. Qf2 Bd7 33. Nd4 Bc8 34.
Qf3 Qa4 35. Kb2 Bb7 36. Qd1 Qd7 37. a4 Ra8 38. Nf5 Kh7 39. Qg4 g6 40. Nxh6 Qxa4
41. Nxf7 Rb5+ 42. Kc1 Qa1+ 43. Kd2 Qb2+ 44. Ke3 Qxc3+ 45. Kf2 Rb2+ 46. Re2
Rxe2+ 47. Qxe2 Qb4 48. Qg4 Kg7 49. Qe6 Qd2+ 50. Kf3 Qd3+ 51. Kg2 Bc8 52. Qe7
Ra7 53. Qxa7 Qxe4+ 54. Kf2 Qd4+ 55. Ke1 Qe3+ 56. Kd1 Bg4+ 57. Kc2 Qb3+ 58. Kc1
Qc3+ 59. Kb1 Bf5+ 60. Ka2 Qb3+ 61. Ka1 61... Qa3# {Hossa checkmated} 0-1

[Event "ICS rated blitz match"]
[Site "204.178.125.65"]
[Date "1999.08.08"]
[Round "?"]
[White "StanleyCup"]
[Black "Hossa"]
[Result "1-0"]
[WhiteElo "2448"]
[BlackElo "2403"]
[PlyCount "47"]
[EventDate "1999.??.??"]

1. d4 Nf6 2. c4 d6 3. Nc3 Bf5 4. g3 Bc8 5. Bg2 Nfd7 6. Nf3 e5 7. dxe5 dxe5 8.
O-O Bc5 9. Qd5 c6 10. Qd3 f6 11. Ne4 O-O 12. Rd1 Qb6 13. Nh4 Qb4 14. Nf5 Rd8
15. Nh6+ gxh6 16. Nxf6+ Kf7 17. Qxh7+ Kxf6 18. Qxh6+ Kf7 19. Qh7+ Kf8 20. Bh6+
Ke8 21. Be4 Bxf2+ 22. Kg2 Qf8 23. Bg6+ Qf7 24. Qxf7# {Hossa checkmated} 1-0

[Event "ICS rated blitz match"]
[Site "204.178.125.65"]
[Date "1999.08.08"]
[Round "?"]
[White "Hossa"]
[Black "StanleyCup"]
[Result "0-1"]
[WhiteElo "2389"]
[BlackElo "2462"]
[PlyCount "79"]
[EventDate "1999.??.??"]

1. d4 d5 2. c4 e6 3. Nc3 Nf6 4. cxd5 exd5 5. Bg5 Be7 6. e3 Nbd7 7. Nf3 O-O 8.
Bd3 c6 9. O-O Re8 10. Bf5 h6 11. Bf4 Bf8 12. Rc1 g6 13. Bd3 Nh5 14. Ne2 Nxf4
15. Nxf4 Qa5 16. a3 Qd8 17. Re1 Bg7 18. e4 dxe4 19. Bxe4 Nf6 20. Ne5 Nxe4 21.
Rxe4 Bf5 22. Re3 Qd6 23. Qb3 Bxe5 24. dxe5 Rxe5 25. Qxb7 Rd8 26. Rxe5 Qxe5 27.
g3 a5 28. h4 Be4 29. Re1 Bf3 30. Nd3 Rxd3 31. Rf1 Qe2 32. Qc8+ Kg7 33. Qh3 Qxb2
34. Re1 Rxa3 35. Qd7 Ra1 36. Qe8 Qc3 37. Kf1 Bg2+ 38. Kxg2 Rxe1 39. Qd7 Qc4 40.
Kh2 {Hossa resigns} 0-1

[Event "ICS rated blitz match"]
[Site "204.178.125.65"]
[Date "1999.08.08"]
[Round "?"]
[White "gallati"]
[Black "Hossa"]
[Result "0-1"]
[WhiteElo "2007"]
[BlackElo "2376"]
[PlyCount "88"]
[EventDate "1999.??.??"]

1. e4 c5 2. c3 Nf6 3. e5 Nd5 4. d4 cxd4 5. Nf3 Nc6 6. Bc4 Nb6 7. Bb3 dxc3 8.
Nxc3 d6 9. exd6 exd6 10. Ng5 Ne5 11. f4 f6 12. fxe5 fxg5 13. exd6 Bxd6 14. Qh5+
g6 15. Qxg5 Rf8 16. Qxd8+ Kxd8 17. Bg5+ Kd7 18. O-O-O Kc6 19. Ne4 Be5 20. Be7
Re8 21. Bd6 Bxb2+ 22. Kxb2 Rxe4 23. Rd2 Nc4+ 24. Bxc4 Rxc4 25. Re1 b5 26. Re7
h5 27. Rc7+ Kb6 28. Rg7 Bf5 29. h3 Rac8 30. g4 hxg4 31. hxg4 Rxg4 32. Be5 Rb4+
33. Ka3 a5 34. Bd4+ Kc6 35. Rf7 Be6 36. Rf6 Ra4+ 37. Kb2 Rxa2+ 38. Kb1 Rxd2 39.
Rxe6+ Kd5 40. Rxg6 Kxd4 41. Rd6+ Kc3 42. Rb6 Rd1+ 43. Ka2 Rc4 44. Ka3 44...
Ra1# {gallati checkmated} 0-1

[Event "ICS rated blitz match"]
[Site "204.178.125.65"]
[Date "1999.08.08"]
[Round "?"]
[White "Hossa"]
[Black "gallati"]
[Result "1-0"]
[WhiteElo "2379"]
[BlackElo "2004"]
[PlyCount "99"]
[EventDate "1999.??.??"]

1. d4 Nf6 2. c4 g6 3. Nc3 Bg7 4. e4 O-O 5. Bg5 h6 6. Bf4 d6 7. Qd2 g5 8. Bg3
Nh5 9. O-O-O e6 10. Be2 Nxg3 11. hxg3 Nc6 12. Qe3 e5 13. d5 Nd4 14. g4 c5 15.
f3 a6 16. Kb1 Bd7 17. Bd3 b5 18. g3 bxc4 19. Bxc4 Bb5 20. Bd3 Rb8 21. Nge2 Qb6
22. Nxb5 Nxb5 23. Bxb5 Qxb5 24. Rd2 Rb7 25. Nc3 Qb4 26. Ka1 Rfb8 27. Rh5 Kf8
28. Rdh2 a5 29. Qd3 a4 30. Qa6 a3 31. Qxa3 Qxa3 32. bxa3 Ra8 33. Rb2 Rba7 34.
a4 Ra6 35. Rb7 R6a7 36. Rb6 Ra6 37. Rb5 Kg8 38. Kb2 Bf8 39. Kb3 Kg7 40. Kc4 Kg6
41. a3 f6 42. Rh3 Be7 43. Rb2 Bd8 44. Rbh2 Kf7 45. Rxh6 Ke8 46. Rb2 Bc7 47. Rb7
R8a7 48. Rh8+ Kd7 49. Rh7+ Kc8 50. Rhxc7+ {gallati resigns} 1-0

[Event "ICS rated blitz match"]
[Site "204.178.125.65"]
[Date "1999.08.08"]
[Round "?"]
[White "gallati"]
[Black "Hossa"]
[Result "0-1"]
[WhiteElo "2001"]
[BlackElo "2382"]
[PlyCount "86"]
[EventDate "1999.??.??"]

1. e4 c5 2. c3 Nf6 3. e5 Nd5 4. d4 cxd4 5. Nf3 Nc6 6. Bc4 Nb6 7. Bb3 dxc3 8.
Nxc3 d6 9. exd6 exd6 10. Ng5 Qe7+ 11. Be3 Be6 12. O-O Nd7 13. Nb5 Bxb3 14. Qxb3
Nde5 15. f4 Nc4 16. Rfe1 N4a5 17. Qd3 O-O-O 18. Nxa7+ Nxa7 19. Bxa7 Qd7 20.
Rac1+ Nc6 21. Bb6 Re8 22. Red1 h6 23. Qa3 Kb8 24. Nf3 d5 25. Nd4 Bxa3 26. bxa3
Nxd4 27. Rxd4 Rc8 28. Rcd1 Qb5 29. Rb4 Qe2 30. Rf1 Rc2 31. Bf2 Rxa2 32. Rd4 Rd8
33. h4 Rxa3 34. f5 Ra2 35. Rf4 Rc2 36. f6 Rg8 37. fxg7 Rxg7 38. g3 Rxg3+ 39.
Kh2 Rg4 40. Kh3 Rxf4 41. Kg3 Rg4+ 42. Kh3 Qf3+ 43. Kh2 43... Qg2# {
gallati checkmated} 0-1

[Event "ICS rated blitz match"]
[Site "204.178.125.65"]
[Date "1999.08.08"]
[Round "?"]
[White "libertad"]
[Black "Hossa"]
[Result "0-1"]
[WhiteElo "2286"]
[BlackElo "2388"]
[PlyCount "108"]
[EventDate "1999.??.??"]

1. e4 c5 2. c3 Nf6 3. e5 Nd5 4. d4 cxd4 5. cxd4 d6 6. Nf3 Nc6 7. Nc3 Nxc3 8.
bxc3 dxe5 9. d5 Bg4 10. dxc6 Qxd1+ 11. Kxd1 Bxf3+ 12. gxf3 bxc6 13. f4 e4 14.
Bg2 f5 15. f3 O-O-O+ 16. Ke2 exf3+ 17. Bxf3 c5 18. Be3 e6 19. Rhd1 Rd6 20. Rxd6
Bxd6 21. Rd1 Rd8 22. h4 a5 23. h5 g6 24. hxg6 hxg6 25. Rh1 e5 26. fxe5 Bxe5 27.
Bxc5 Bf4 28. Rh7 Rd2+ 29. Ke1 Rb2 30. Bb7+ Rxb7 31. Rh8+ Kc7 32. Bd4 Rb2 33. a4
Ra2 34. Rh7+ Kd6 35. Rg7 g5 36. Rg6+ Kd5 37. Rg8 Rxa4 38. Ke2 Ra2+ 39. Kf3 Bd2
40. Rd8+ Kc4 41. Rc8+ Kd3 42. Rf8 g4+ 43. Kg3 Be1+ 44. Kf4 Bxc3 45. Bb6 Rb2 46.
Bc7 Rf2+ 47. Kg5 Bd2+ 48. Kh4 Bf4 49. Kh5 Bxc7 50. Ra8 g3 51. Kh4 g2 52. Rg8
Bh2 53. Kh3 g1=Q 54. Rxg1 54... Bxg1 {libertad resigns} 0-1

[Event "ICS rated blitz match"]
[Site "204.178.125.65"]
[Date "1999.08.08"]
[Round "?"]
[White "Hossa"]
[Black "libertad"]
[Result "1-0"]
[WhiteElo "2399"]
[BlackElo "2275"]
[PlyCount "111"]
[EventDate "1999.??.??"]

1. d4 Nf6 2. c4 e5 3. dxe5 Ng4 4. Qd4 d6 5. exd6 Bxd6 6. Nc3 O-O 7. Bf4 Nc6 8.
Qd2 Bc5 9. Nh3 Qxd2+ 10. Bxd2 Nge5 11. Ng5 Nxc4 12. Bf4 Nxb2 13. Bxc7 Bb4 14.
Nge4 Na4 15. Rc1 Bf5 16. Bd6 Ba5 17. Bxf8 Bxe4 18. Bxg7 Kxg7 19. Kd2 Nxc3 20.
Rxc3 Ne7 21. Ke3 Bxc3 22. Kxe4 Rd8 23. e3 Rd1 24. g3 b5 25. Bg2 Rxh1 26. Bxh1
a5 27. Kd3 Be1 28. Ke2 Bb4 29. Kd3 Bc5 30. f4 Kf6 31. Bb7 Nf5 32. e4 Ne7 33.
e5+ Ke6 34. Ba6 b4 35. Bc4+ Kf5 36. Bxf7 Kg4 37. Be6+ Kf3 38. f5 Kg2 39. Kc4
Be3 40. Kd3 Bg5 41. h4 Bh6 42. g4 Nc6 43. Bd5+ Kg3 44. Bxc6 Kxg4 45. e6 Bf8 46.
f6 Kf5 47. e7 Bxe7 48. fxe7 Kf6 49. e8=Q h5 50. Qd8+ Ke6 51. Qxa5 b3 52. axb3
Kd6 53. Qd5+ Kc7 54. Qd7+ Kb6 55. b4 Ka6 56. Qb7# {libertad checkmated} 1-0

[Event "ICS rated blitz match"]
[Site "204.178.125.65"]
[Date "1999.08.08"]
[Round "?"]
[White "libertad"]
[Black "Hossa"]
[Result "1-0"]
[WhiteElo "2264"]
[BlackElo "2410"]
[PlyCount "139"]
[EventDate "1999.??.??"]

1. e4 c5 2. Nf3 Nc6 3. Bc4 e6 4. Qe2 Nge7 5. O-O d5 6. Bb3 c4 7. Ba4 a6 8.
Bxc6+ bxc6 9. d3 cxd3 10. cxd3 Ng8 11. Be3 Bb7 12. Nbd2 Qd6 13. Rac1 Qb4 14. a3
Qa5 15. Nb3 Qb5 16. Nbd4 Qa4 17. exd5 cxd5 18. Rc7 Bc8 19. Rfc1 Bd7 20. Ne5 Nf6
21. Qf3 Rd8 22. Rxd7 Rxd7 23. Rc8+ Rd8 24. Rxd8+ Kxd8 25. Nxf7+ Ke8 26. Nxh8 e5
27. Ne6 Qc2 28. g4 Qxd3 29. g5 e4 30. Qf5 Qd1+ 31. Kg2 Qg4+ 32. Qxg4 Nxg4 33.
Nc7+ Kd7 34. Nxd5 Bd6 35. h3 Ne5 36. Bf4 Nf3 37. Bxd6 Kxd6 38. Nc3 Nxg5 39. Kg3
Ke5 40. h4 Ne6 41. Nf7+ Kd4 42. Ng5 Nxg5 43. hxg5 Kd3 44. Kf4 Kc2 45. Nxe4 Kxb2
46. a4 a5 47. Nc5 Kc3 48. Nb7 Kb4 49. Ke5 Kxa4 50. Ke6 Kb5 51. Nxa5 Kb6 52. Kf7
g6 53. Kg7 Kc7 54. Kxh7 Kd6 55. Kxg6 Ke7 56. Kh7 Ke6 57. g6 Kd5 58. g7 Ke4 59.
g8=Q Kf4 60. Qf8+ Ke5 61. Nc6+ Kd5 62. f4 Ke4 63. f5 Kd5 64. f6 Ke4 65. f7 Kd5
66. Qe8 Kc5 67. f8=Q+ Kb6 68. Qe5 Kxc6 69. Qc8+ Kb6 70. Qec5# {Hossa checkmated
} 1-0

[Event "ICS rated blitz match"]
[Site "204.178.125.65"]
[Date "1999.08.08"]
[Round "?"]
[White "Hossa"]
[Black "libertad"]
[Result "0-1"]
[WhiteElo "2388"]
[BlackElo "2286"]
[PlyCount "126"]
[EventDate "1999.??.??"]

1. d4 d5 2. c4 c6 3. Nc3 Nf6 4. cxd5 cxd5 5. f3 Nc6 6. e4 dxe4 7. d5 Ne5 8.
fxe4 e6 9. Bf4 Bd6 10. Bb5+ Bd7 11. Bxd7+ Qxd7 12. Nge2 exd5 13. exd5 O-O 14.
Qd4 Rfe8 15. O-O Rac8 16. Kh1 Bc5 17. Qd1 Neg4 18. Bg5 Nf2+ 19. Rxf2 Bxf2 20.
Bxf6 gxf6 21. Qf1 Qf5 22. Ng3 Qc2 23. Nce4 Bd4 24. Nd6 Bxb2 25. Rb1 b6 26. Nxc8
Rxc8 27. Re1 Be5 28. Nf5 Kf8 29. Ne3 Qxa2 30. Qf5 Rc3 31. Qxh7 Qd2 32. Qh8+ Ke7
33. d6+ Kd7 34. Qh3+ Kxd6 35. Rd1 Qxd1+ 36. Nxd1 Rxh3 37. gxh3 a5 38. Ne3 Ke6
39. Nc4 Bd4 40. h4 a4 41. Na3 Bb2 42. Nc4 a3 43. Nxa3 Bxa3 44. Kg1 Bc1 45. Kf2
b5 46. Ke1 Kf5 47. Kd1 Bh6 48. h5 Kg5 49. Kc2 Kxh5 50. Kd3 Kg4 51. Kc3 f5 52.
Kc2 f4 53. Kd1 f3 54. Ke1 b4 55. Kf2 b3 56. h3+ Kxh3 57. Kxf3 b2 58. Ke2 b1=Q
59. Kf3 Qb3+ 60. Kf2 Qe3+ 61. Kf1 Qd2 62. Kg1 Be3+ 63. Kh1 63... Qg2# {
Hossa checkmated} 0-1

[Event "ICS rated blitz match"]
[Site "204.178.125.65"]
[Date "1999.08.08"]
[Round "?"]
[White "libertad"]
[Black "Hossa"]
[Result "1-0"]
[WhiteElo "2307"]
[BlackElo "2367"]
[PlyCount "84"]
[EventDate "1999.??.??"]

1. Nf3 Nc6 2. e4 e5 3. Bb5 Bc5 4. c3 Nge7 5. O-O f5 6. d4 exd4 7. cxd4 fxe4 8.
dxc5 exf3 9. Qxf3 a6 10. Bxc6 dxc6 11. Rd1 Bd7 12. Nc3 Qc8 13. Re1 Be6 14. Bg5
h6 15. Bh4 Ng6 16. Qf5 Nf8 17. f4 g5 18. fxg5 hxg5 19. Rxe6+ Qxe6 20. Re1 gxh4
21. Rxe6+ Nxe6 22. Qxe6+ Kf8 23. Ne4 Rh7 24. Ng5 Rg7 25. Qf6+ Kg8 26. Qe6+ Kf8
27. Qf6+ Kg8 28. Ne6 Rh7 29. Qg6+ Kh8 30. Ng5 Rg7 31. Nf7+ Kg8 32. Nh6+ Kh8 33.
Qf6 h3 34. Nf5 Rag8 35. g3 a5 36. a4 b6 37. cxb6 cxb6 38. Nxg7 Rxg7 39. Qxc6
Kh7 40. Qxb6 Rg5 41. Qc7+ Kg6 42. Qc6+ 42... Kg7 {Hossa resigns} 1-0

[Event "ICS rated blitz match"]
[Site "204.178.125.65"]
[Date "1999.08.08"]
[Round "?"]
[White "StanleyCup"]
[Black "Hossa"]
[Result "1-0"]
[WhiteElo "2484"]
[BlackElo "2348"]
[PlyCount "80"]
[EventDate "1999.??.??"]

1. e4 c5 2. Nf3 Nc6 3. d4 cxd4 4. Nxd4 e5 5. Nb5 Nf6 6. N1c3 Bb4 7. Nd6+ Ke7 8.
Nxc8+ Rxc8 9. Bd3 d5 10. exd5 Nxd5 11. Bg5+ f6 12. Bd2 Bxc3 13. bxc3 Kf7 14.
O-O Qe7 15. Qf3 Rcd8 16. Rfd1 Kg8 17. Be4 Qc5 18. Rab1 b6 19. Be3 Nxe3 20. Qxe3
Qxe3 21. fxe3 Kf7 22. Bxc6 Rxd1+ 23. Rxd1 Rc8 24. Rd7+ Ke6 25. Ba4 Rxc3 26.
Rxg7 Rxe3 27. Rxh7 a6 28. Ra7 Kd5 29. Bb3+ Kc5 30. Rc7+ Kb5 31. a4+ Ka5 32. Rf7
Re2 33. Rxf6 e4 34. h4 b5 35. h5 Rd2 36. h6 bxa4 37. h7 axb3 38. h8=Q bxc2 39.
Rf5+ Kb4 40. Qb2+ 40... Kc4 {Hossa resigns} 1-0

[Event "ICS rated blitz match"]
[Site "204.178.125.65"]
[Date "1999.08.08"]
[Round "?"]
[White "Hossa"]
[Black "StanleyCup"]
[Result "0-1"]
[WhiteElo "2338"]
[BlackElo "2494"]
[PlyCount "106"]
[EventDate "1999.??.??"]

1. d4 d5 2. c4 dxc4 3. e4 e5 4. Nf3 exd4 5. Bxc4 Bb4+ 6. Nbd2 Nc6 7. O-O Be6 8.
Bb5 Nge7 9. Ng5 Qd6 10. Nxe6 Qxe6 11. Bc4 Qd6 12. Nb3 O-O 13. a3 Bc5 14. Bg5
Bb6 15. Qh5 Ne5 16. Be2 d3 17. Bd1 Nc4 18. Rb1 f6 19. Bh4 Rad8 20. Bg3 Qc6 21.
Bf3 Qe8 22. Qh3 Qf7 23. Bh5 Ng6 24. Qf5 Ne3 25. fxe3 Qxb3 26. Bxg6 hxg6 27.
Qxg6 d2 28. Qg4 Rfe8 29. Kh1 Qxe3 30. Rbd1 Qxe4 31. Qh3 Qd4 32. b4 Re3 33. Qh5
Rxa3 34. Rf4 Qd3 35. Rff1 a5 36. Qg4 Qd7 37. Qh4 axb4 38. Qxb4 Ra2 39. Qe4 c5
40. Qc4+ Qf7 41. Qg4 Re8 42. Bh4 Bd8 43. Qf5 c4 44. Qf3 Ba5 45. Rb1 b6 46. Ra1
Rxa1 47. Rxa1 c3 48. Qf5 Qc4 49. Rf1 c2 50. Rg1 c1=Q 51. Qd7 Qxg1+ 52. Kxg1
Re1+ 53. Bxe1 53... dxe1=Q# {Hossa checkmated} 0-1

[Event "ICS rated blitz match"]
[Site "204.178.125.65"]
[Date "1999.08.08"]
[Round "?"]
[White "StanleyCup"]
[Black "Hossa"]
[Result "1-0"]
[WhiteElo "2503"]
[BlackElo "2329"]
[PlyCount "124"]
[EventDate "1999.??.??"]

1. e4 c5 2. Nf3 Nc6 3. d4 cxd4 4. Nxd4 e5 5. Nb5 Nf6 6. N1c3 Bb4 7. Nd6+ Ke7 8.
Nf5+ Kf8 9. Bd2 d5 10. Ng3 Kg8 11. Nxd5 Nxd5 12. exd5 Qxd5 13. Bxb4 Nxb4 14. c3
Qxd1+ 15. Rxd1 Nc6 16. Bc4 Bg4 17. f3 Bc8 18. Ne4 h6 19. Nd6 Nd8 20. O-O Be6
21. Bxe6 Nxe6 22. Nxb7 f6 23. Rd7 Nf8 24. Rd8 Rxd8 25. Nxd8 g5 26. Rd1 Rh7 27.
Kf2 f5 28. Ke3 Rc7 29. Rd6 Kg7 30. Ra6 Kg8 31. Nc6 Rb7 32. b3 Rc7 33. c4 f4+
34. Ke2 Ne6 35. Nxa7 Nc5 36. Rg6+ Kh7 37. Nb5 Rc8 38. Rb6 Ra8 39. Nc3 h5 40.
Rd6 Ra7 41. h3 Re7 42. b4 Ne6 43. Ne4 Kg7 44. Kd3 Kf7 45. a4 Ra7 46. a5 g4 47.
hxg4 hxg4 48. fxg4 Ke7 49. c5 Nd4 50. Nc3 f3 51. gxf3 Nxf3 52. Nd5+ Ke8 53. c6
Nd4 54. c7 Ra8 55. Nb6 Nb5 56. Re6+ Kf7 57. Nxa8 Na7 58. Rxe5 Nc8 59. Nb6 Nd6
60. a6 Kf6 61. Nd7+ Kg7 62. a7 62... Kf7 {Hossa resigns} 1-0

[Event "ICS rated blitz match"]
[Site "204.178.125.65"]
[Date "1999.08.08"]
[Round "?"]
[White "Triorchid"]
[Black "Hossa"]
[Result "0-1"]
[WhiteElo "2011"]
[BlackElo "2325"]
[PlyCount "44"]
[EventDate "1999.??.??"]

1. e4 c5 2. Nf3 Nc6 3. c3 d5 4. exd5 Qxd5 5. d4 Bg4 6. dxc5 Qxd1+ 7. Kxd1 e5 8.
Be3 f5 9. Be2 O-O-O+ 10. Ke1 Bxf3 11. Bxf3 f4 12. Bd2 Bxc5 13. b4 Bb6 14. a4
Bc7 15. Na3 Nf6 16. Nb5 e4 17. Be2 Be5 18. Rc1 Rd7 19. c4 a6 20. Na3 Rxd2 21.
Kxd2 Rd8+ 22. Ke1 22... Bb2 {Triorchid resigns} 0-1

[Event "ICS rated blitz match"]
[Site "204.178.125.65"]
[Date "1999.08.08"]
[Round "?"]
[White "Njall"]
[Black "Hossa"]
[Result "1/2-1/2"]
[WhiteElo "2247"]
[BlackElo "2330"]
[PlyCount "144"]
[EventDate "1999.??.??"]

1. d4 d5 2. c4 e6 3. Nc3 dxc4 4. e3 Bd6 5. Bxc4 Ne7 6. Nf3 O-O 7. O-O Nbc6 8.
Qe2 e5 9. dxe5 Bxe5 10. Nxe5 Nxe5 11. Rd1 Qe8 12. Bb3 Bg4 13. f3 Be6 14. Bxe6
fxe6 15. e4 N7c6 16. Be3 Rc8 17. Rd2 Qg6 18. Kh1 Qf6 19. Rad1 Rfd8 20. Nb5 Rxd2
21. Rxd2 a6 22. Nd4 Rd8 23. Nxc6 Nxc6 24. Rxd8+ Qxd8 25. Qd2 Qxd2 26. Bxd2 a5
27. Kg1 a4 28. Kf2 Kf7 29. Ke3 g5 30. Kd3 g4 31. f4 h5 32. Kc4 Nb8 33. Kb5 Nd7
34. Be3 a3 35. b3 Nf6 36. e5 Nd5 37. Bd2 h4 38. Ka4 g3 39. hxg3 hxg3 40. Kxa3
Kg6 41. Be1 Nxf4 42. Bxg3 Nxg2 43. Kb4 Ne3 44. Kc5 Nf5 45. Bf4 Ne7 46. a4 Kf5
47. Bg3 Nc6 48. b4 Kg4 49. Bh2 Ne7 50. a5 Nd5 51. b5 b6+ 52. axb6 Nxb6 53. Kc6
Nd5 54. Bg1 Kf5 55. Bd4 Ke4 56. Bb2 Kd3 57. Kd7 Kc4 58. Kxe6 Nf4+ 59. Kf5 Nd5
60. Ke4 Ne7 61. Ba3 Nc8 62. Kf5 Kxb5 63. Ke6 c5 64. Kd7 Nb6+ 65. Kc7 c4 66. Bb2
c3 67. Bxc3 Nd5+ 68. Kd6 Nxc3 69. e6 Ne4+ 70. Ke5 Kc6 71. Kxe4 Kd6 72. e7 72...
Kxe7 {Game drawn because neither player has mating material} 1/2-1/2

[Event "ICS rated blitz match"]
[Site "204.178.125.65"]
[Date "1999.08.08"]
[Round "?"]
[White "Hossa"]
[Black "Njall"]
[Result "1-0"]
[WhiteElo "2326"]
[BlackElo "2251"]
[PlyCount "57"]
[EventDate "1999.??.??"]

1. d4 Nf6 2. c4 d6 3. Nc3 g6 4. e4 Bg7 5. f3 O-O 6. Nge2 c6 7. Bf4 a6 8. Rc1
Nbd7 9. d5 cxd5 10. cxd5 b5 11. Nd4 Bb7 12. Qd2 Rc8 13. Bh6 Nb6 14. Bd3 Nfd7
15. Bxg7 Kxg7 16. O-O Nc4 17. Bxc4 Rxc4 18. b3 Rc5 19. a4 b4 20. Nce2 Qb6 21.
Kh1 Rfc8 22. Rxc5 Rxc5 23. Qf4 Ne5 24. Qg5 h6 25. Nf5+ Kg8 26. Nxe7+ Kf8 27.
Qf6 Rc7 28. f4 Nd7 29. Nxg6+ {Njall resigns} 1-0